Montreal Canadiens Retired Numbers - Statistics

General Stats
  • This quiz has been taken 166 times
  • The average score is 12 of 18
Answer Stats
Number Answer % Correct
#9 Maurice Richard
97%
#16 Henri Richard
95%
#33 Patrick Roy
94%
#10 Guy Lafleur
93%
#1 Jacques Plante
90%
#4 Jean Beliveau
87%
#29 Ken Dryden
80%
#19 Larry Robinson
71%
#5 Bernie Geoffrion
64%
#18 Serge Savard
63%
#12 Yvan Cournoyer
63%
#23 Bob Gainey
59%
#7 Howie Morenz
57%
#2 Doug Harvey
49%
#16 Elmer Lach
48%
#6 Guy Lapointe
46%
#3 Butch Bouchard
39%
#12 Dickie Moore
36%
No matching quizzes found
Score Distribution
Percent of People with Each Score
Percentile by Number Answered
Your Score History
You have not taken this quiz